[Event "Coimbra Queima das Fitas op"]
[Site "Coimbra"]
[Date "2016.04.25"]
[Round "6"]
[White "Carnero Rodriguez, Sergio"]
[Black "Ferreira, Hugo Miguel da Cost"]
[Result "1/2-1/2"]
[WhiteElo "1839"]
[BlackElo "2060"]
[PlyCount "81"]
[EventDate "2016.04.22"]
[EventType "swiss"]
[EventRounds "7"]
[EventCountry "POR"]
[SourceTitle "CBM 172 Extra"]
[Source "ChessBase"]
[SourceDate "2016.06.21"]
[SourceVersion "1"]
[SourceVersionDate "2016.06.21"]
[SourceQuality "1"]

1. e4 d5 2. exd5 Qxd5 3. Nc3 Qd6 4. d4 Nf6 5. Be2 c6 6. Nf3 Bf5 7. Be3 Qb4 8. Qc1 e6 9. a3 Qa5 10. Qd2 Bb4 11. Rb1 Bd6 12. 0-0 Qc7 13. b4 0-0 14. h3 Nbd7 15. Bd3 Rfe8 16. Rfe1 Bxd3 17. cxd3 Nb6 18. Rec1 Qe7 19. Ne4 Bb8 20. Bg5 Nbd5 21. b5 cxb5 22. Rxb5 a6 23. Rbc5 Bd6 24. Nxd6 Qxd6 25. Qb2 Nd7 26. R5c2 b5 27. Bh4 Qb6 28. Bg3 a5 29. Nd2 Qa6 30. Rc6 N7b6 31. Ne4 b4 32. Nd6 Rf8 33. Nc4 Nxc4 34. R1xc4 Qb7 35. Bd6 Rfc8 36. Rxc8+ Rxc8 37. Rxc8+ Qxc8 38. axb4 axb4 39. Bxb4 Qb8 40. Ba3 Qxb2 41. Bxb2 1/2-1/2